| 000 | 00662nam a2200157Ia 4500 | ||
|---|---|---|---|
| 008 | 151213s9999 xx 000 0 und d | ||
| 100 | _aমিজানুর রহমান। ( সেীরভ)। | ||
| 245 |
_aশেয়ার ব্যাবসায় লাভ জনক পদ্ধতি। _cমিজানুর রহমান। ( সেীরভ)। |
||
| 250 | _a১ম সং | ||
| 260 |
_aঢাকা _bপানকেীড়ি প্রকাশনী। _c2000 |
||
| 300 | _a3478 p. | ||
| 650 | _aBangla | ||
| 650 | _aঋরহধহপব | ||
| 700 | _aমিজানুর রহমান। ( সেীরভ)। | ||
| 999 |
_c2301 _d2301 |
||